000 00722nas a2200253 4500
001 BR0702551
003 BR-BrBNA
005 20231205110800.0
007 ta
008 230509b bl.|||p| |||| 00| 00por d
040 _aBR-BrBNA
_bpor
_cBiblioteca Nacional de Agricultura
041 _a(Pt)
072 _aL70; L40
100 1 _aKamikawa, L.
100 1 _aBombonato, P.P.
245 1 _aUltra-sonografia da aorta abdominal e de seus ramos em cães
650 _aCÃO
650 _aULTRA-SOM
650 _aBIOMETRIA
650 _aARTÉRIA
773 0 _tCiência Rural (Brazil)
_xISSN 0103-8478
_g(Mar-Apr 2007), v. 37(2) p. 412-417
_wBR0702551
909 _a202311
_bLúcia
_c55
_dLúcia Elande
942 _2AGRIS
_n0
_cANA
999 _c189043
_d189043